| 000 | 00379nam a2200109Ia 4500 | ||
|---|---|---|---|
| 008 | 171204s9999 xx 000 0 und d | ||
| 245 | _aRebuilding The News: Metropolitan Journalism In The Digital Age: | ||
| 245 | _cC. W. Anderson | ||
| 260 | _c2013 | ||
| 650 | _xADVANCED JOURNALISTIC WRITING & PUBLICATION | ||
| 856 | _uhttp://down.ebook777.com/025/RebTheNewMetJouInTheDigAge.pdf | ||
| 999 |
_c346016 _d346016 |
||